| 000 | 00819cam a2200229 4500 | ||
|---|---|---|---|
| 001 | ABS61976 | ||
| 008 | 000000n2000 000 0 eng u | ||
| 035 | _a(Sirsi) u104287 | ||
| 100 | _aBessey, J. | ||
| 245 | _aAre you ready for the Data Protection Act? | ||
| 260 | _c2000 | ||
| 490 |
_aConstruction News _v6652 10 February 2000 22-23(2) |
||
| 520 | _aOutlines the way in which the Data Protection Act 1998, which comes into force in March 2000, aims to strike a balance between the individual right to privacy and the ability of organisations to collect and process data for the purposes of their business. | ||
| 590 | _aABS | ||
| 650 | _aDATA PROTECTION ACT 1998 | ||
| 650 | _aINFORMATION | ||
| 650 | _aDATA | ||
| 650 | _aDATA PROCESSING | ||
| 690 | _aLAW | ||
| 700 | _avan Tiggelen, J. | ||
| 942 | _n0 | ||
| 999 |
_c62569 _d62569 |
||